00815cam a22002291 4500001001300000003000400013005001700017008004100034010001700075035001900092040004800111043001200159050002200171100005100193245005600244260005200300300005000352490005900402500005500461650005200516999001700568gs 22000052 DLC20260227111326.0790427s1921 wauabf 001 0 eng c ags 22000052  a(OCoLC)4902358 aU.S. Geol. Survey. LibrarycNcRSdNcRSdDLC an-us-wa00aQE175b.A3 no. 231 aPatty, Ernest N.q(Ernest Newton),d1894-1976.14aThe metal mines of Washington,cby Ernest N. Patty. aOlympia,bF. M. Lamborn, Public Printer,c1921. a366 p.billus, fold. maps, 36 plates.c23 cm.0 aWashington (State) Geological Survey. Bulletinvno. 23 aAt head of title: Washington Geological Survey ... 0aMines and mineral resourceszWashington (State) c26152d26152